000 00477pab a2200157 454500
008 180718b2001 xxu||||| |||| 00| 0 eng d
100 _aAspinall, Edward
245 _aThe break-up of Indonesia? Nationalisms after decolonisation and the limits of the nation-state in the past cold war South east Asia
260 _c2001
300 _ap.1003-024
362 _aDec
650 _aNationalism
700 _aBerger, Mark T.
773 _aThird World Quarterly
909 _a51405
999 _c51405
_d51405